| 000 | 00702nam a2200217Ia 4500 | ||
|---|---|---|---|
| 008 | 131103s9999 xx 000 0 und d | ||
| 020 |
_a052168501X _cRs 795 |
||
| 040 | _aLoreto College | ||
| 041 | _aEnglish | ||
| 082 |
_a822.33/SHA-JAC _bLCLIB/45916 |
||
| 245 | 4 |
_aThe Cambridge Companion to Shakespeare on Film _cEdited by Russell Jackson |
|
| 250 | _a2nd ed | ||
| 260 |
_aCambridge _bCambridge University Press _c2007 |
||
| 300 |
_axii,349p _c 24 cm |
||
| 504 | _aIncludes bibliographical references, filmography and index | ||
| 650 | _aShakespeare, William, 1564-1616 | ||
| 651 | _aFilm and Shakespeare | ||
| 700 | _aJackson, Russell, ed | ||
| 850 | _aLCLIB/822.33/SHA-JAC | ||
| 942 | _cBK | ||
| 999 |
_c17560 _d68039 |
||